000 00725nam a2200205Ia 4500
005 20241129111008.0
008 241129s9999||||xx |||||||||||||| ||und||
037 _aTB
040 _aCRL
_bpun
_cCRL
041 _apun
_2pun
084 _aD65,8(B):71S 153R2
_qCRL
100 _aਬਖ਼ਮਿੰਦਰ, ਚ।
245 0 _aਪੱਤਰਕਾਰੀ ਦਾ ਅਗਲਾ ਪੜਾਅ ਸ਼ੋਸਲ ਮੀਡੀਆ
_cਬਖ਼ਮਿੰਦਰ, ਚ।
260 _aਸਿਰਸਾ, ਭਾਰਤ
_bਤਸ਼ਵੀਰ ਪ੍ਰਕਾਸਨ
_c2022
300 _a244ਪ੍ਰ0
365 _aINR
_b350
650 _a EngineeringElectronic
_9726235
942 _cTB
_hD65,8(B):71S 153R2
999 _c1228447
_d1228447